000 00898nam a2200265 u 4500
001 67267
005 20191007111059.0
008 170503s2013 xxu r 000 0 eng d
020 _a9781107644427
040 _erda
041 0 _aeng
082 0 _a302.13072
_bRAD
100 1 _aRadcliff, Benjamin,
_d1963-
_eautor
_94309
245 1 4 _aThe political economy of human happiness :
_bhow voters choice determine the quality of life /
_cBenjamin Radcliff.
250 _aFirst edition
264 1 _aUnited States of America :
_bCambridge University Press,
_c2013
300 _aviii, 205 páginas ;
_c24 cm.
336 _atexto
_2rdacontent
_btxt
337 _asin medio
_2rdamedia
_bn
338 _avolumen
_2rdacarrier
_bnc
650 4 _aElección social
650 4 _aCalidad de vida
650 4 _aDerechas e izquierdas (Ciencias políticas)
999 _c67267
_d67267
942 _h302.13072
_iRAD
_cLI